Statistics for European Countries With Two Borders

Click here to take the quiz!

General Stats

  • This quiz has been taken 584 times
  • The average score is 6 of 6

Answer Stats

Neighbor #1Neighbor #2Country% Correct
NorwayFinlandSweden
100%
FranceSpainAndorra
99%
BelgiumGermanyNetherlands
99%
RussiaLatviaEstonia
98%
SwitzerlandAustriaLiechtenstein
96%
RomaniaUkraineMoldova
96%

Score Distribution

Percentile by Number Answered

Percent of People with Each Score

Your Score History

You have not taken this quiz